Musica Mediaeva Liturgica IV zborník príspevkov z muzikologickej konferencie konanej dňa 1. júna 2022
| Corporate Author: | |
|---|---|
| Other Authors: | |
| Format: | Conference Proceeding Book |
| Language: | Slovak English Polish |
| PhysicalDescription: | 277 strán faksimile, noty, tabuľky 26 cm |
| Published: |
Ružomberok
Verbum
2023
|
| ISBN: | 9788056110300 |
| Subjects: |
MARC
| LEADER | 00000cam a2200000 4500 | ||
|---|---|---|---|
| 001 | vtls012238556 | ||
| 003 | SK-MaSNL | ||
| 005 | 20260426001900.0 | ||
| 008 | 230906s2023 xo hal frn 100 0 slo | ||
| 015 | |a SNBA2023/11 | ||
| 020 | |a 9788056110300 |q (brožované) | ||
| 040 | |a SNK |b slo |c SNK |e rda | ||
| 041 | 0 | |a slo |a eng |a pol |b eng |b pol | |
| 043 | |a e-xo--- | ||
| 044 | |a xo |c SK | ||
| 072 | 7 | |a 783 |x Cirkevná hudba. Duchovná hudba. Náboženská hudba |2 konspekt | |
| 080 | |a 783.2 |2 2011 | ||
| 080 | |a 930.85 |2 2011 | ||
| 080 | |a 78"04/14" |2 2011 | ||
| 080 | |a 27-282.7 |2 2011 | ||
| 080 | |a 091 |2 2011 | ||
| 080 | |a 783.51 |2 2011 | ||
| 080 | |a 783.23 |2 2011 | ||
| 080 | |a (437.6) |2 2011 | ||
| 080 | |a (062.534) |2 2011 | ||
| 111 | 2 | |a Musica Mediaeva Liturgica |n (4. : |d 2022 : |c Ružomberok, Slovensko) |4 aut |9 587037 | |
| 245 | 1 | 0 | |a Musica Mediaeva Liturgica IV |b zborník príspevkov z muzikologickej konferencie konanej dňa 1. júna 2022 |c Janka Bednáriková editor |
| 264 | 1 | |a Ružomberok |b Verbum |c 2023 | |
| 300 | |a 277 strán |b faksimile, noty, tabuľky |c 26 cm | ||
| 336 | |a text |b txt |2 rdacontent | ||
| 337 | |a bez média |b n |2 rdamedia | ||
| 338 | |a zväzok |b nc |2 rdacarrier | ||
| 504 | |a Bibliografia za niektorými príspevkami. Bibliografické odkazy | ||
| 546 | |a Anglické a poľské resumé. Čiastočný text v angličtine a poľštine. Súbežný predhovor v angličtine | ||
| 650 | 0 | 7 | |a liturgická hudba |2 SNKPH |9 1750 |
| 650 | 0 | 7 | |a kultúrne dedičstvo |2 SNKPH |9 4195 |
| 650 | 0 | 7 | |a stredoveká hudba |2 SNKPH |9 70069 |
| 650 | 0 | 7 | |a liturgické knihy |2 SNKPH |9 1935 |
| 650 | 0 | 7 | |a rukopisy |2 SNKPH |9 1788 |
| 650 | 0 | 7 | |a Sacred vocal music |2 SNKPHeng |9 267667 |
| 650 | 0 | 7 | |a Cultural heritage |2 SNKPHeng |9 265420 |
| 650 | 0 | 7 | |a Medieval music |2 SNKPHeng |9 334597 |
| 650 | 0 | 7 | |a Liturgical books |2 SNKPHeng |9 344247 |
| 650 | 0 | 7 | |a Manuscripts |2 SNKPHeng |9 298503 |
| 650 | 0 | 7 | |a Gregorian chant |2 SNKPHeng |9 441895 |
| 650 | 0 | 7 | |a Graduals (music) |2 SNKPHeng |9 311667 |
| 650 | 0 | 7 | |a gregoriánsky chorál |2 SNKPH |9 3440 |
| 650 | 0 | 7 | |a graduály |2 SNKPH |9 102919 |
| 651 | 7 | |a Slovensko |2 SNKPHgeo |9 14231 | |
| 651 | 7 | |a Slovakia |2 SNKPHeng |9 92630 | |
| 655 | 7 | |a zborníky konferencií |2 SNKPH |9 70153 | |
| 655 | 7 | |a Proceedings of conferences |2 SNKPHeng |9 265791 | |
| 700 | 1 | |a Bednáriková, Janka, |d 1969- |4 edt |9 190586 | |
| 710 | 2 | |a Katolícka univerzita v Ružomberku. |b Pedagogická fakulta. |b Katedra hudby |4 pbl |9 132725 | |
| 852 | |a Slovenská národná knižnica | ||
| 919 | |a 978-80-561-1030-0 | ||
| 954 | |a odborná, vedecká literatúra pôvodná (slovenská) |2 lita | ||
| 954 | |a odborná, vedecká literatúra cudzojazyčná (svetová) |2 lita | ||
| 958 | |a NB | ||
| 999 | |c 902818 |d 904748 | ||
| 952 | |a SNK |b SNK |y PREZ |7 0 |p 17A1537934 |o snkSB 99649 |i snk2023/15486 |8 0 |0 0 |1 0 |4 0 |d 2023-10-24 |f 1 |l 0 |r 2025-05-22 00:00:00 |w 2026-02-24 | ||
| 952 | |a SNK |b SNK |y VYP |7 0 |p 17A1537935 |o snkSB 99649 D1 |i snk2023/15487 |8 0 |0 0 |1 0 |4 0 |d 2023-10-24 |l 0 |r 2026-02-24 07:18:49 |w 2026-02-24 | ||


